Reporting účtovnej závierky 2003 daňové hľadisko

Reporting výsledku hospodárenia. Transformácia výsledku hospodárenia na daňový základ. Účtovný reporting. Odložené dane. Dane z príjmov podľa postupov účtovania. Povinnosť účtovania odložených daní. Výpočet daní. Prvé účtovanie o odloženej dani podľa postupov účtovania.

Gespeichert in:
Bibliographische Detailangaben
1. Verfasser: Harumová, Anna, 1955-
Format: Buchkapitel
Sprache:Slowakisch
Schlagworte:
Tags: Tag hinzufügen
Keine Tags, Fügen Sie das erste Tag hinzu!

MARC

LEADER 00000naa$a2200000$$$4500
001 0003052
005 20240502071346.8
041 0 |a slo 
044 |a SK 
245 1 0 |a Reporting účtovnej závierky 2003  |b daňové hľadisko  |c Anna Harumová 
520 |a Reporting výsledku hospodárenia. Transformácia výsledku hospodárenia na daňový základ. Účtovný reporting. Odložené dane. Dane z príjmov podľa postupov účtovania. Povinnosť účtovania odložených daní. Výpočet daní. Prvé účtovanie o odloženej dani podľa postupov účtovania. 
610 2 0 |a dane 
610 2 0 |a reporting 
610 2 0 |a dane odložené 
610 2 0 |a účtovanie 
610 2 0 |a závierka účtovná 
610 2 0 |a dane z príjmov 
610 2 0 |a 2003 
100 1 |a Harumová, Anna, 1955-